現代詩入門
| 資料類型: | 圖書 | 書目號: | 38206 |
Leader xxxxxxxxxx 001 __ PCLIS00038206 005 __ 20071004141425.25 010 0_ |a957-|b平裝|dNT$ 020 __ |acw|b82005151 100 __ |a20071004d2007 0chib0109 e 101 0_ |achi 102 __ |acw 105 __ |aa z 000yy 200 1_ |a現代詩入門|e|f蕭蕭著|g 205 __ |a初版 210 __ |a臺北市|c故鄉|d民70年 215 0_ |a面|c圖, 表|d公分 225 1_ |a|v 300 __ |a 681 __ |a821.88|b 700 __ |a蕭蕭|b|4著 702 _1 |a|b|4 801 __ |acw|b本館|c20071004 |